| 000 | 00761nam a2200265Ia 4500 | ||
|---|---|---|---|
| 001 | Para_4345 | ||
| 003 | CHAP | ||
| 008 | 220125s1945 xx 000 0 und d | ||
| 010 | _a202872 | ||
| 040 | _cCHAP | ||
| 090 | _aPA FOLLETO 1875 | ||
| 100 |
_aDove, W. E _934096 |
||
| 245 |
_aSummary of DDT experiments on insects that affect man and animals / _c W. E. Dove |
||
| 260 |
_aEUA : _b Departmennt of Agriculture |
||
| 300 | _a14 p. | ||
| 440 |
_aEUA. Dep. Agriculture; E-673 _9168331 |
||
| 650 |
_aDDT (Insecticida) Insecticidas _x Toxicidad _9168332 |
||
| 901 | _aPA FOLLETO 1875 | ||
| 902 | _aA | ||
| 905 | _a0000001945 xxu 0000000000 00 | ||
| 910 | _a1945 | ||
| 942 | _cPARA | ||
| 942 |
_cPARA _d1 |
||
| 999 |
_c202872 _d202872 |
||